[Event "Titled Tuesday intern op 16th June"]
[Site "Chess.com INT"]
[Date "2020.06.16"]
[Round "5"]
[White "Zhang, Alan"]
[Black "Shamsi, Mohammadhossein"]
[Result "0-1"]
[WhiteElo "2077"]
[BlackElo "2217"]
[PlyCount "66"]
[EventDate "2020.06.16"]
[EventType "swiss (blitz)"]
[EventRounds "10"]
[EventCountry "USA"]
[SourceTitle "EXT 2021"]
[Source "ChessBase"]
[SourceDate "2020.10.23"]
[SourceVersion "1"]
[SourceVersionDate "2020.10.23"]
[SourceQuality "1"]

1. e4 c5 2. Nf3 d6 3. d4 cxd4 4. Nxd4 Nf6 5. Nc3 a6 6. h3 e6 7. g4 d5 8. e5 Nfd7 9. Qe2 Nc6 10. Nxc6 bxc6 11. Bg2 Rb8 12. 0-0 h5 13. g5 Qc7 14. f4 a5 15. b3 Qa7+ 16. Kh1 Ba6 17. Qf2 Bc5 18. Qe1 Bxf1 19. Bxf1 Bb4 20. a3 Bxc3 21. Qxc3 Qc5 22. Qd2 0-0 23. a4 Qb4 24. Qd1 Qe4+ 25. Bg2 Qf5 26. Ba3 c5 27. Qd2 Rfc8 28. Rc1 c4 29. Bd6 cxb3 30. Bxb8 Rxc2 31. Qe3 Rxc1+ 32. Qxc1 Qc2 33. Qe3 b2 0-1